| 000 | 00406nam a2200133Ia 4500 | ||
|---|---|---|---|
| 008 | 220217s9999 xx 000 0 und d | ||
| 100 | _aReshmi Sankar, R. | ||
| 245 | 0 | _aStudies on factors affecting the quality of radiation vulcanized laatex | |
| 260 |
_bMahatma Gandhi University _a Kottayam _c2010 |
||
| 500 | _aAvailable in RT | ||
| 500 | _aCourse: B.Tech. | ||
| 700 | _aK Mariamma George | ||
| 942 | _cTS | ||
| 999 |
_c74481 _d74481 |
||